00788nam a2200205 a 450000100100000000500170001000800410002702000150006804000250008304100380010808200150014610000190016124000570018024501350023726000490037230000370042153400650045870000280052370000310055100002369020200930022407.0101220s1999 ve a r 000 0 spa d a9806444000 aDO-SdBNPbspacBNPHU17aspaheng2Código de idioma MARC aNNNbG372d1 aGermain, Saint10aThe " i am" discourses of the minute menlEspañol.10aDiscursos del yo soy para los hombres del minuto /cSaint Germain ; traducción de María Olijovsk ; prólogo Rubén Cedeño. aCaracas, Venezuela :bRowena Victory,c1999. a356 p. :bil. , retrs. ;c21 cm. aTítulo original:tThe " i am" discourses of the minute men1 aOlijovsky, Maríaetr.1 aCedeño, Rubénepról.